Safety in microbiology (Record no. 28634)

MARC details
000 -LEADER
fixed length control field 00488nam a2200181Ia 4500
082 ## - DEWEY DECIMAL CLASSIFICATION NUMBER
Classification number 579
Item number SHA
100 ## - MAIN ENTRY--AUTHOR NAME
Personal name BOARD, R G
245 #0 - TITLE STATEMENT
Title Safety in microbiology
260 ## - PUBLICATION, DISTRIBUTION, ETC. (IMPRINT)
Place of publication London
Name of publisher Academic
Year of publication 1972
490 ## - SERIES STATEMENT
Series statement Society for applied bacteriology technical series no 6
650 ## - SUBJECT ADDED ENTRY--TOPICAL TERM
Topical Term Aerosol sampling
650 ## - SUBJECT ADDED ENTRY--TOPICAL TERM
Topical Term Microbiology
650 ## - SUBJECT ADDED ENTRY--TOPICAL TERM
Topical Term Radioactive isotope
650 ## - SUBJECT ADDED ENTRY--TOPICAL TERM
Topical Term Starter culture
700 ## - ADDED ENTRY--PERSONAL NAME
Personal name SHAPTON, D A
942 ## - ADDED ENTRY ELEMENTS (KOHA)
Koha item type Books
Holdings
Withdrawn status Lost status Damaged status Not for loan Home library Current library Date acquired Full call number Accession Number Koha item type
        RRII Library RRII Library 16/12/2021 579 SHA 09229 Books